| 000 | 00807nam a2200205 a 4500 | ||
|---|---|---|---|
| 005 | 20210223130719.0 | ||
| 008 | 081008s1976 mx r 000 0 spa d | ||
| 035 | _aUPN01000162822 | ||
| 049 | _aUNE | ||
| 080 | _a37 (100) APL. | ||
| 245 | 0 | 0 | _aAplicación de las recomendaciones de la conferencia de Ministros de educación América Latina y el Caribe: Venezuela, 1971. |
| 260 |
_aPanamá : _bMinisterio de Educación, _c1976. |
||
| 300 | _a181 p. | ||
| 500 | _aInforme nacional presentado por Panamá en la reunión convocada por la UNESCO en Panamá, del 9 al 14 de febrero de 1976. | ||
| 500 | _aIncluye anexos. | ||
| 690 | _aEducacion- Recomendacion internacional | ||
| 690 | _aRecomendacion internacional- Educacion | ||
| 710 | 1 |
_aPanamá. Ministerio de Educación. _928593 |
|
| 905 | _aUNESCO | ||
| 999 |
_c134935 _d134935 |
||